PROGRESS IN OBSTETRICS & GYNAECOLOGY VOL-18 / (Record no. 797317)

MARC details
000 -LEADER
fixed length control field 00530pam a2200193 a 4500
020 ## - INTERNATIONAL STANDARD BOOK NUMBER
International Standard Book Number 9780443069239
Terms of availability 1080.00
041 ## - LANGUAGE CODE
Language code of text/sound track or separate title eng
Language code of original NULL
082 ## - DEWEY DECIMAL CLASSIFICATION NUMBER
Classification number 618.2
Item number STU/TAN
100 ## - MAIN ENTRY--PERSONAL NAME
Personal name STUDD, J.,TAN S.L.,CHERVENAK F.
245 ## - TITLE STATEMENT
Title PROGRESS IN OBSTETRICS & GYNAECOLOGY VOL-18 /
Statement of responsibility, etc. NULL.
Medium Textual Documents
260 ## - PUBLICATION, DISTRIBUTION, ETC.
Place of publication, distribution, etc. NULL :
Name of publisher, distributor, etc. ELSEVIER ,
Date of publication, distribution, etc. 2008.
300 ## - PHYSICAL DESCRIPTION
Extent 452 : :
Other physical details XI ; ;
Dimensions A4 . +
Accompanying material PB.
365 ## - TRADE PRICE
Price type code 1080.00
Price note 1
650 ## - SUBJECT ADDED ENTRY--TOPICAL TERM
Topical term or geographic name entry element OBST.GYNE
700 ## - ADDED ENTRY--PERSONAL NAME
Personal name TAN, S .
907 ## - LOCAL DATA ELEMENT G, LDG (RLIN)
a 6508
930 ## - EQUIVALENCE OR CROSS-REFERENCE-UNIFORM TITLE HEADING [LOCAL, CANADA]
Uniform title 2782
Holdings
Withdrawn status Lost status Damaged status Not for loan Collection Home library Current library Date acquired Source of acquisition Cost, normal purchase price Total Checkouts Full call number Barcode Date due Date last seen Date last checked out Copy number Price effective from Koha item type
          Medical College & Hospital, Sangli Medical College & Hospital, Sangli 04/09/2008 B.M.S.G.B.PUNE 1080.00 1 618.2 STU/TAN MCS-6508 01/10/2043 06/10/2023 06/10/2023 2 26/07/2023 Book
          Medical College & Hospital, Sangli Medical College & Hospital, Sangli 04/09/2008 B.M.S.G.B.PUNE 1080.00   618.2 STU/TAN MCS-6507   26/07/2023   1 26/07/2023 Book